000 01703cam a22003977a 4500
003 CHAP
005 20220329142044.0
008 990503d1988 mx r 00010 spa d
010 _a77729
011 _a78701
035 _a88718
040 _cCHAP
090 _aFolleto 14897
110 2 _aSindicato de Trabajadores Administrativos de la UACH
_9106560
245 1 0 _aContrato colectivo de trabajo UACH-STUACH, 1980- .
_c/por Sindicato de Trabajadores Administrativos de la UACH.
260 _aChapingo, Méx. :
_bSindicato de Trabajadores Administrativos de la UACH,
_c1980- .
300 _av.
500 _aLa biblioteca tiene : 1984-86,1986-87, 1988-89,1994-95,1996-97,
590 _aBATCH-UPD
_b10
_c20130110
_lUCH01
_h1005
590 _aCONVERSION
_b10
_c20130109
_lUCH01
_h1343
650 1 4 _aContratos colectivos de trabajo.
_927453
650 1 4 _aSindicatos.
_9106563
901 _aBK
905 _aAlejandra Carrasco M.
942 _cFOLL
949 _aFolleto 14897
_bBC
_cFOLL
_d855751
_eTS1
_f1996-97
_i88718
_sb
949 _aFolleto 14897
_bBC
_cFOLL
_d855752
_eTS2
_f1996-97 c.2
_i88718
_sb
949 _aFolleto 14897
_bBC
_cFOLL
_d887181
_eTS1
_f1984-86
_i88718
_sb
949 _aFolleto 14897
_bBC
_cFOLL
_d887183
_eTS2
_f1986-87
_i88718
_sb
949 _aFolleto 14897
_bBC
_cUACH
_d144891
_eUACH
_f1998 c.2
_gDonaciØn
_i88718
_st
949 _aFolleto 14897
_bBC
_cUACH
_d855753
_eUACH
_f1996-97 c.3
_i88718
_sb
949 _aFolleto 14897
_bBC
_cUACH
_d855761
_eUACH
_f1994-95
_i88718
_sb
949 _aFolleto 14897
_bBC
_cUACH
_d887182
_eUACH
_f1984-86 c.2
_i88718
_sb
949 _aFolleto 14897
_bBC
_cUACH
_d887184
_eUACH
_f1986-87 c.2
_i88718
_sb
949 _aFolleto 14897
_bBC
_cUACH
_d887185
_eUACH
_f1988-89
_i88718
_sb
999 _c77729
_d77729